[Event "Montreal CC-ch"]
[Site "Montreal"]
[Date "2019.06.08"]
[Round "3"]
[White "Kozlov, Guennadi"]
[Black "Boudreau, Daniel"]
[Result "1/2-1/2"]
[WhiteElo "1297"]
[BlackElo "1991"]
[PlyCount "115"]
[EventDate "2019.06.07"]
[EventType "swiss"]
[EventRounds "5"]
[EventCountry "CAN"]
[SourceTitle "EXT 2020"]
[Source "ChessBase"]
[SourceDate "2019.10.17"]
[SourceVersion "1"]
[SourceVersionDate "2019.10.17"]
[SourceQuality "1"]

1. e4 c5 2. d4 cxd4 3. c3 Nf6 4. e5 Nd5 5. cxd4 d6 6. exd6 Qxd6 7. Nc3 Nc6 8. Bb5 Bd7 9. Nge2 g6 10. 0-0 Bg7 11. Ne4 Qb4 12. Bxc6 Bxc6 13. N4c3 0-0 14. Nxd5 Bxd5 15. b3 Rfd8 16. Qd2 Qb6 17. Bb2 Bc6 18. Rfd1 Rd7 19. Qe3 Rad8 20. Rd2 Bb5 21. Rad1 e5 22. d5 Qxe3 23. fxe3 Bxe2 24. Rxe2 Rxd5 25. Rxd5 Rxd5 26. e4 Rd1+ 27. Kf2 f6 28. Rc2 Bf8 29. Ke2 Rd7 30. Rc8 Kf7 31. Bc3 Bd6 32. Rc4 Rc7 33. Rxc7+ Bxc7 34. Kd3 Ke6 35. g4 Bb6 36. a4 f5 37. gxf5+ gxf5 38. Be1 h5 39. h3 f4 40. Ke2 Kd6 41. Bc3 Bd4 42. Bb4+ Kc6 43. Bd2 Kc5 44. Be1 a6 45. Bd2 Bb2 46. Kd3 Ba3 47. Bc3 Kd6 48. Ke2 Bc5 49. Bd2 Bd4 50. Be1 Kc5 51. Bd2 Bb2 52. Kd3 b5 53. b4+ Kc6 54. a5 Kd6 55. Ke2 Ke6 56. Kf3 Kf6 57. h4 Bd4 58. Be1 1/2-1/2

[Event "Montreal Mercredi 05"]
[Site "Montreal"]
[Date "2019.05.24"]
[Round "5"]
[White "Beaulieu, Pierre"]
[Black "Boudreau, Daniel"]
[Result "0-1"]
[WhiteElo "1934"]
[BlackElo "2023"]
[PlyCount "55"]
[EventDate "2019.05.08"]
[EventType "swiss"]
[EventRounds "5"]
[EventCountry "CAN"]
[SourceTitle "EXT 2022"]
[Source "ChessBase"]
[SourceDate "2021.10.06"]
[SourceVersion "1"]
[SourceVersionDate "2021.10.06"]
[SourceQuality "1"]

1. b3 Nf6 2. Bb2 e6 3. e3 b6 4. f4 Bb7 5. Nf3 Be7 6. Be2 0-0 7. 0-0 c5 8. Bd3 d5 9. Qe1 Ne4 10. Nc3 f5 11. Ne2 Nc6 12. Ng3 Bf6 13. c3 Nb4 14. Qb1 Nxd3 15. Qxd3 a5 16. Qc2 a4 17. Nh5 a3 18. Nxf6+ Rxf6 19. Bc1 c4 20. Re1 Rh6 21. d3 cxd3 22. Qxd3 g5 23. fxg5 Rh5 24. Bd2 Qd6 25. Qd4 Nxg5 26. Nxg5 Qxh2+ 27. Kf1 Rxg5 28. Re2 0-1

[Event "Montreal Mercredi 04"]
[Site "Montreal"]
[Date "2019.04.12"]
[Round "3"]
[White "Jacquet, Stephane"]
[Black "Boudreau, Daniel"]
[Result "0-1"]
[WhiteElo "1941"]
[BlackElo "2034"]
[PlyCount "64"]
[EventDate "2019.04.03"]
[EventType "swiss"]
[EventRounds "5"]
[EventCountry "CAN"]
[SourceTitle "EXT 2022"]
[Source "ChessBase"]
[SourceDate "2021.10.06"]
[SourceVersion "1"]
[SourceVersionDate "2021.10.06"]
[SourceQuality "1"]

1. d4 Nf6 2. c4 e6 3. Nf3 b6 4. g3 Bb7 5. Bg2 Bb4+ 6. Bd2 Bxd2+ 7. Nbxd2 d6 8. 0-0 a5 9. Re1 Qe7 10. e4 e5 11. dxe5 dxe5 12. Nh4 g6 13. f4 Nbd7 14. Rc1 0-0 15. Rc3 Rfe8 16. f5 Rad8 17. Qe2 Nc5 18. fxg6 hxg6 19. h3 Qd7 20. Rc2 Qd3 21. Nf1 Nfxe4 22. Qxd3 Rxd3 23. Rce2 Nxg3 24. Nxg3 Rxg3 25. Kh2 Rd3 26. Bxb7 Nxb7 27. Rxe5 Rxe5 28. Rxe5 Rd2+ 29. Kg3 Rxb2 30. Re7 Rxa2 31. Rxc7 Nc5 32. Kg4 Ra4 0-1

[Event "Montreal Mercredi 04"]
[Site "Montreal"]
[Date "2019.04.10"]
[Round "2"]
[White "Boudreau, Daniel"]
[Black "Bouchard, Jean Marc"]
[Result "1-0"]
[WhiteElo "2034"]
[BlackElo "1908"]
[PlyCount "43"]
[EventDate "2019.04.03"]
[EventType "swiss"]
[EventRounds "5"]
[EventCountry "CAN"]
[SourceTitle "EXT 2022"]
[Source "ChessBase"]
[SourceDate "2021.10.06"]
[SourceVersion "1"]
[SourceVersionDate "2021.10.06"]
[SourceQuality "1"]

1. e4 e6 2. d4 d5 3. e5 Bd7 4. Nf3 a6 5. c4 dxc4 6. Bxc4 Bc6 7. Be3 Ne7 8. 0-0 Nd5 9. Nc3 h6 10. Nxd5 Bxd5 11. Bd3 Nd7 12. Rc1 Nb6 13. a3 Be7 14. Nd2 0-0 15. Qg4 Kh8 16. Ne4 f5 17. exf6 Bxf6 18. Nc3 g5 19. Qh5 Bg7 20. Qg6 Kg8 21. Qh7+ Kf7 22. Bg6+ 1-0

[Event "Montreal Mercredi 05"]
[Site "Montreal"]
[Date "2018.05.23"]
[Round "3"]
[White "Pomerantz, Daniel"]
[Black "Boudreau, Daniel"]
[Result "1-0"]
[WhiteElo "2023"]
[BlackElo "2127"]
[PlyCount "31"]
[EventDate "2018.05.09"]
[EventType "swiss"]
[EventRounds "5"]
[EventCountry "CAN"]
[SourceTitle "EXT 2022"]
[Source "ChessBase"]
[SourceDate "2021.10.06"]
[SourceVersion "1"]
[SourceVersionDate "2021.10.06"]
[SourceQuality "1"]

1. e4 c5 2. Nf3 e6 3. d4 cxd4 4. Nxd4 Nc6 5. Nc3 Qc7 6. Be3 a6 7. Qd2 Nf6 8. f3 b5 9. 0-0-0 Bb7 10. g4 Bb4 11. g5 Ng8 12. Kb1 Rc8 13. Nxc6 dxc6 14. Qd4 Bxc3 15. Qxc3 e5 16. Bh3 1-0

[Event "Montreal Mercredi 02"]
[Site "Montreal"]
[Date "2018.03.14"]
[Round "4"]
[White "Rodrigue Lemieux, Shawn"]
[Black "Boudreau, Daniel"]
[Result "1/2-1/2"]
[WhiteElo "2317"]
[BlackElo "2118"]
[PlyCount "127"]
[EventDate "2018.02.21"]
[EventType "swiss"]
[EventRounds "5"]
[EventCountry "CAN"]
[SourceTitle "EXT 2022"]
[Source "ChessBase"]
[SourceDate "2021.10.06"]
[SourceVersion "1"]
[SourceVersionDate "2021.10.06"]
[SourceQuality "1"]

1. Nf3 d5 2. g3 Nf6 3. Bg2 e6 4. 0-0 Be7 5. c4 0-0 6. e3 c5 7. cxd5 exd5 8. d4 Be6 9. b3 Nbd7 10. Bb2 Rc8 11. Nc3 c4 12. Nd2 Nb6 13. Rc1 Qd7 14. Qe2 Bh3 15. Rfd1 Bxg2 16. Kxg2 cxb3 17. axb3 Rfe8 18. Nf3 Bd6 19. Nb5 Bb8 20. Ne5 Qf5 21. Nd3 a6 22. Nc3 Bd6 23. Ra1 h5 24. Qf3 Qg5 25. h4 Qg6 26. Ra5 Qg4 27. Nc5 Rc7 28. Ba3 Nc8 29. b4 b6 30. Rxa6 bxc5 31. dxc5 Qc4 32. cxd6 Qxa6 33. dxc7 Qxa3 34. Nxd5 Nxd5 35. Rxd5 Qxb4 36. Rd8 Qe7 37. Qd5 Nb6 38. Qd4 Nc8 39. Kf3 Kf8 40. Rxe8+ Qxe8 41. Qd8 Ne7 42. Qd6 f6 43. Qc5 g6 44. Qd6 Kf7 45. e4 Qc8 46. Ke3 Qe6 47. Qd8 f5 48. f3 fxe4 49. fxe4 Qg4 50. Qd6 Qe6 51. Qd8 Nf5+ 52. Kf4 Nd6 53. Kf3 Qxe4+ 54. Kf2 Qf5+ 55. Kg1 Nc8 56. Qh8 Ne7 57. Qd8 Qh3 58. Kf2 Qh2+ 59. Kf3 Qh1+ 60. Kf2 Qc1 61. Qd7 Qc2+ 62. Kg1 Qc5+ 63. Kg2 Qc2+ 64. Kg1 1/2-1/2

[Event "Montreal Mercredi 02"]
[Site "Montreal"]
[Date "2018.03.05"]
[Round "1"]
[White "Lopez Linares, Lizandro Fernando"]
[Black "Boudreau, Daniel"]
[Result "0-1"]
[WhiteElo "2242"]
[BlackElo "2118"]
[PlyCount "72"]
[EventDate "2018.02.21"]
[EventType "swiss"]
[EventRounds "5"]
[EventCountry "CAN"]
[SourceTitle "EXT 2022"]
[Source "ChessBase"]
[SourceDate "2021.10.06"]
[SourceVersion "1"]
[SourceVersionDate "2021.10.06"]
[SourceQuality "1"]

1. d4 d5 2. c4 e6 3. Nc3 a6 4. cxd5 exd5 5. Nf3 Nf6 6. Bg5 Be7 7. Qc2 h6 8. Bh4 0-0 9. e3 Be6 10. Bd3 Nbd7 11. 0-0 Rc8 12. Bxf6 Nxf6 13. Na4 c6 14. Rfc1 Bd6 15. Rab1 Qe7 16. Nc5 Rce8 17. b4 Bc8 18. a4 Ne4 19. b5 axb5 20. axb5 Bg4 21. Bxe4 dxe4 22. Nd2 f5 23. bxc6 bxc6 24. Rb7 Qh4 25. g3 Qh3 26. Qc4+ Kh8 27. Qf1 Qh5 28. Nd7 Rf7 29. Nc5 Bxc5 30. Rxf7 Bb4 31. Qc4 Bxd2 32. Ra1 Be2 33. Qa2 Bb4 34. h4 Bd6 35. Rd7 Bxg3 36. Qf7 Bh2+ 0-1

[Event "Montreal Mercredi 02"]
[Site "Montreal"]
[Date "2018.02.28"]
[Round "2"]
[White "Boudreau, Daniel"]
[Black "Tremblay, Alain"]
[Result "0-1"]
[WhiteElo "2118"]
[BlackElo "2070"]
[PlyCount "81"]
[EventDate "2018.02.21"]
[EventType "swiss"]
[EventRounds "5"]
[EventCountry "CAN"]
[SourceTitle "EXT 2022"]
[Source "ChessBase"]
[SourceDate "2021.10.06"]
[SourceVersion "1"]
[SourceVersionDate "2021.10.06"]
[SourceQuality "1"]

1. e4 c5 2. Nc3 g6 3. g3 Bg7 4. Bg2 Nc6 5. d3 d6 6. Be3 Nf6 7. h3 0-0 8. Qd2 Nd4 9. Nd1 e5 10. c3 Nc6 11. Bh6 d5 12. Bxg7 Kxg7 13. exd5 Nxd5 14. Ne3 Nxe3 15. fxe3 Qd6 16. Ne2 Be6 17. b3 Rad8 18. Rd1 Rd7 19. 0-0 Rfd8 20. Nc1 Qe7 21. Qe2 Qg5 22. Kh2 h5 23. e4 h4 24. g4 Ne7 25. Rde1 b6 26. Rf3 Nc6 27. Qf2 a5 28. Rf1 a4 29. b4 cxb4 30. Qxb6 Rd6 31. Qc5 bxc3 32. Qxc3 Nd4 33. R3f2 Rc6 34. Qa3 Rdc8 35. Ne2 Nc2 36. d4 Ne3 37. Rg1 Nc4 38. Qb4 exd4 39. Nxd4 Qe5+ 40. Kh1 Qxd4 41. e5 0-1

[Event "Montreal Mercredi 01"]
[Site "Montreal"]
[Date "2018.01.31"]
[Round "4"]
[White "Tremblay, Alain"]
[Black "Boudreau, Daniel"]
[Result "0-1"]
[WhiteElo "2092"]
[BlackElo "2092"]
[PlyCount "74"]
[EventDate "2018.01.10"]
[EventType "swiss"]
[EventRounds "5"]
[EventCountry "CAN"]
[SourceTitle "EXT 2022"]
[Source "ChessBase"]
[SourceDate "2021.10.06"]
[SourceVersion "1"]
[SourceVersionDate "2021.10.06"]
[SourceQuality "1"]

1. d4 Nf6 2. Nf3 e6 3. e3 d5 4. Bd3 c5 5. b3 Nc6 6. Bb2 Bd6 7. Ne5 Qc7 8. f4 a6 9. a3 b5 10. 0-0 c4 11. Be2 Bb7 12. Nc3 Ne7 13. Bf3 Nf5 14. Qe2 Rc8 15. g3 Ne4 16. b4 g6 17. Rfd1 0-0 18. Ng4 Be7 19. Bxe4 dxe4 20. Nf2 Rfd8 21. Rd2 Nd6 22. d5 exd5 23. Rxd5 Bxd5 24. Nxd5 Qb7 25. Rd1 Nf5 26. Qd2 c3 27. Bxc3 Rxd5 28. Qxd5 Qxd5 29. Rxd5 Rxc3 30. Nxe4 Rxa3 31. c3 Nxe3 32. Rd7 Kf8 33. Rd3 Ng4 34. h3 Nf6 35. Nc5 Ke8 36. Nb7 Ne4 37. Re3 f5 0-1

[Event "Montreal Mercredi 05"]
[Site "Montreal"]
[Date "2017.06.07"]
[Round "5"]
[White "Boudreau, Daniel"]
[Black "Gelet, Seymour"]
[Result "1-0"]
[WhiteElo "2087"]
[BlackElo "2110"]
[PlyCount "86"]
[EventDate "2017.05.10"]
[EventType "swiss"]
[EventRounds "5"]
[EventCountry "CAN"]
[SourceTitle "EXT 2022"]
[Source "ChessBase"]
[SourceDate "2021.10.06"]
[SourceVersion "1"]
[SourceVersionDate "2021.10.06"]
[SourceQuality "1"]

1. e4 e5 2. Nf3 Nc6 3. Bb5 g6 4. Bxc6 bxc6 5. 0-0 Bg7 6. d3 c5 7. h3 Ne7 8. Be3 d6 9. Qd2 h6 10. a3 f5 11. Qc3 0-0 12. b4 fxe4 13. dxe4 cxb4 14. axb4 Bxh3 15. Nbd2 Qd7 16. gxh3 Qxh3 17. Nh2 Kh7 18. Qd3 g5 19. Bxa7 Qe6 20. Be3 Ng6 21. Rxa8 Rxa8 22. Kh1 d5 23. Nb3 d4 24. Bd2 Nh4 25. Nc5 Qg6 26. Qe2 Rf8 27. Qg4 Bf6 28. Nd7 Rf7 29. Nxf6+ Rxf6 30. f3 Qf7 31. Be1 Rf4 32. Qh3 Qc4 33. Ng4 h5 34. Nxe5 Qe2 35. Rg1 Rxf3 36. Qd7+ Kh6 37. Qe6+ Kh7 38. Qe7+ Kh8 39. Qe8+ Kg7 40. Rxg5+ Kf6 41. Qf8+ Ke6 42. Qg8+ Kf6 43. Qg7+ Ke6 1-0

[Event "Montreal Mercredi 04"]
[Site "Montreal"]
[Date "2017.02.01"]
[Round "5"]
[White "Lebeau, Gilbert"]
[Black "Boudreau, Daniel"]
[Result "1-0"]
[WhiteElo "2082"]
[BlackElo "2177"]
[PlyCount "105"]
[EventDate "2017.01.04"]
[EventType "swiss"]
[EventRounds "5"]
[EventCountry "CAN"]
[SourceTitle "EXT 2022"]
[Source "ChessBase"]
[SourceDate "2021.10.06"]
[SourceVersion "1"]
[SourceVersionDate "2021.10.06"]
[SourceQuality "1"]

1. d4 d5 2. c4 e6 3. Nc3 Bb4 4. a3 Bxc3+ 5. bxc3 Nf6 6. Nf3 0-0 7. e3 b6 8. cxd5 exd5 9. Bd3 Bg4 10. Qc2 Bxf3 11. gxf3 c5 12. dxc5 bxc5 13. Rg1 Re8 14. Bb2 Nc6 15. 0-0-0 Qb6 16. Rg3 c4 17. Bxh7+ Nxh7 18. Rdg1 Nf6 19. Rxg7+ Kf8 20. a4 Qb3 21. Qxb3 cxb3 22. f4 Rec8 23. c4 d4 24. Kb1 Rd8 25. f3 a5 26. e4 Ke7 27. e5 Ne8 28. Rh7 Rac8 29. Rg6 Kf8 30. Rg5 Ke7 31. Rf5 Ke6 32. Rfxf7 Rb8 33. Ba3 d3 34. Bb2 Nxe5 35. Re7+ Kf5 36. Rxe5+ Kg6 37. Rhe7 Rb6 38. Rg5+ Kh6 39. Re1 Nc7 40. Bg7+ Kh7 41. Bc3 Re6 42. Rg7+ Kh6 43. Reg1 Ne8 44. Rg8 Rd7 45. R1g3 Ng7 46. Bxg7+ Rxg7 47. Rh3+ Kg6 48. f5+ Kxf5 49. Rxg7 d2 50. Rd7 Re1+ 51. Kb2 d1Q 52. Rxd1 Rxd1 53. Kxb3 1-0

[Event "Montreal Mercredi 04"]
[Site "Montreal"]
[Date "2017.01.18"]
[Round "3"]
[White "Boudreau, Daniel"]
[Black "Tremblay, Alain"]
[Result "0-1"]
[WhiteElo "2177"]
[BlackElo "2158"]
[PlyCount "28"]
[EventDate "2017.01.04"]
[EventType "swiss"]
[EventRounds "5"]
[EventCountry "CAN"]
[SourceTitle "EXT 2022"]
[Source "ChessBase"]
[SourceDate "2021.10.06"]
[SourceVersion "1"]
[SourceVersionDate "2021.10.06"]
[SourceQuality "1"]

1. e4 c5 2. Nc3 e6 3. f4 g6 4. Nf3 Nc6 5. Bb5 Nd4 6. Bc4 Bg7 7. d3 Ne7 8. Be3 0-0 9. 0-0 d5 10. Bb3 Nxb3 11. axb3 d4 12. Bd2 dxc3 13. Bxc3 Nc6 14. Bxg7 Kxg7 0-1

[Event "Montreal Mercredi 11"]
[Site "Montreal"]
[Date "2016.12.07"]
[Round "4"]
[White "Lebeau, Gilbert"]
[Black "Boudreau, Daniel"]
[Result "1-0"]
[WhiteElo "2071"]
[BlackElo "2157"]
[PlyCount "79"]
[EventDate "2016.11.16"]
[EventType "swiss"]
[EventRounds "5"]
[EventCountry "CAN"]
[SourceTitle "EXT 2022"]
[Source "ChessBase"]
[SourceDate "2021.10.06"]
[SourceVersion "1"]
[SourceVersionDate "2021.10.06"]
[SourceQuality "1"]

1. d4 d5 2. c4 c6 3. Nf3 Nf6 4. g3 dxc4 5. Bg2 b5 6. 0-0 e6 7. a4 Bb7 8. Nc3 b4 9. Nb1 c5 10. Qc2 Nbd7 11. Rd1 Rc8 12. Bg5 Qb6 13. a5 Qb5 14. Nbd2 Ba6 15. Ne4 b3 16. Qb1 Nxe4 17. Qxe4 h6 18. Be3 Be7 19. Qg4 g6 20. Ne5 Nxe5 21. dxe5 h5 22. Qe4 0-0 23. Rd6 c3 24. Rxe6 fxe6 25. Qxg6+ Kh8 26. Be4 Rf5 27. Qh6+ Kg8 28. Qxe6+ Rf7 29. Bd5 Rcf8 30. Qg6+ Kh8 31. Bxf7 Rxf7 32. Qxf7 cxb2 33. Rb1 Qb7 34. Rxb2 c4 35. e6 Qd5 36. Qe8+ Kg7 37. Qxe7+ Kg8 38. Qf7+ Kh8 39. Qf6+ Kg8 40. Bd4 1-0

[Event "Montreal Mercredi 10"]
[Site "Montreal"]
[Date "2016.11.09"]
[Round "5"]
[White "Boudreau, Daniel"]
[Black "Soudre, Nicolas"]
[Result "1/2-1/2"]
[WhiteElo "2171"]
[BlackElo "2202"]
[PlyCount "128"]
[EventDate "2016.10.12"]
[EventType "swiss"]
[EventRounds "5"]
[EventCountry "CAN"]
[SourceTitle "EXT 2022"]
[Source "ChessBase"]
[SourceDate "2021.10.06"]
[SourceVersion "1"]
[SourceVersionDate "2021.10.06"]
[SourceQuality "1"]

1. e4 e5 2. Nc3 Nf6 3. Bc4 Bc5 4. f4 d6 5. Nf3 Nc6 6. d3 a6 7. a4 Bg4 8. Nd5 Nd4 9. Ne3 Bxf3 10. gxf3 Nh5 11. Ng2 exf4 12. c3 Qg5 13. Kf1 Ne6 14. d4 Ba7 15. Qb3 Nd8 16. Rg1 Qf6 17. Bd2 0-0 18. Be1 Kh8 19. Nh4 g6 20. Rg4 Ng7 21. Nxg6+ fxg6 22. Bh4 g5 23. Bxg5 Qg6 24. Bxd8 Qh5 25. Bh4 Rab8 26. Ke2 c5 27. d5 Rfe8 28. Rag1 b5 29. axb5 axb5 30. Bxb5 c4 31. Bxe8 Qxe8 32. Qa3 Bxg1 33. Bf6 Rb7 34. Rxg1 Qb8 35. Rxg7 Rxg7 36. Qb4 Qa7 37. Bd4 Qc7 38. Qb5 Qc8 39. Qc6 Qb8 40. b4 cxb3 41. Qd7 Qf8 42. Kd2 Kg8 43. Qxg7+ Qxg7 44. Bxg7 Kxg7 45. c4 Kf6 46. Kc3 Ke5 47. Kxb3 Kd4 48. Kb4 Ke3 49. c5 dxc5+ 50. Kxc5 Kxf3 51. e5 Kg2 52. e6 f3 53. e7 f2 54. e8Q f1Q 55. Qg8+ Kh1 56. d6 Qf2+ 57. Kc6 Qc2+ 58. Kd7 Qa4+ 59. Ke7 Qh4+ 60. Ke8 Qe4+ 61. Kf8 Qf4+ 62. Ke7 Qh4+ 63. Kd7 Qa4+ 64. Ke7 Qh4+ 1/2-1/2

[Event "Montreal Mercredi 10"]
[Site "Montreal"]
[Date "2016.11.02"]
[Round "4"]
[White "Lopez Linares, Lizandro Fernando"]
[Black "Boudreau, Daniel"]
[Result "0-1"]
[WhiteElo "2251"]
[BlackElo "2171"]
[PlyCount "142"]
[EventDate "2016.10.12"]
[EventType "swiss"]
[EventRounds "5"]
[EventCountry "CAN"]
[SourceTitle "EXT 2022"]
[Source "ChessBase"]
[SourceDate "2021.10.06"]
[SourceVersion "1"]
[SourceVersionDate "2021.10.06"]
[SourceQuality "1"]

1. d4 d5 2. c4 c6 3. Nf3 Nf6 4. Nc3 e6 5. Bg5 Be7 6. e3 Nbd7 7. Rc1 0-0 8. Bd3 dxc4 9. Bxc4 b5 10. Bd3 h6 11. Bf4 Bb7 12. 0-0 Nh5 13. Bg3 Nxg3 14. hxg3 a6 15. Ne4 Qb6 16. Qc2 a5 17. Nc5 Nxc5 18. dxc5 Qc7 19. a4 b4 20. Nd2 Rfd8 21. Nb3 Rxd3 22. Qxd3 Ba6 23. Qe4 Bxf1 24. Kxf1 Rd8 25. Qc4 Bf6 26. Rb1 Qa7 27. Ke2 Kf8 28. f4 g6 29. Nc1 Rd5 30. Nd3 h5 31. Rc1 Ke7 32. b3 Bc3 33. Rd1 Ke8 34. Rc1 Ke7 35. Rh1 Bf6 36. Rc1 Bg7 37. Nf2 Bc3 38. Ne4 Bb2 39. Rc2 Bg7 40. Nd6 Kf8 41. Nc8 Qb7 42. Nb6 Rd8 43. Qe4 Qa6+ 44. Qc4 Qb7 45. Kf2 Bf6 46. Qe4 Be7 47. Qe5 Kg8 48. g4 hxg4 49. Kg3 Bf8 50. Kxg4 Bg7 51. Qg5 Rd3 52. Kf3 Qc7 53. Ke2 Rxb3 54. Nc4 Rc3 55. Rxc3 bxc3 56. Nd6 Qb8 57. Qe7 Qf8 58. Qb7 e5 59. g3 exf4 60. gxf4 g5 61. fxg5 Be5 62. Ne4 Qe8 63. Qb1 Qe7 64. Qd3 Qb7 65. Qc2 Qb4 66. Kd3 Kg7 67. Qf2 Qxa4 68. Nf6 Qd1+ 69. Ke4 c2 70. Qf5 Qh1+ 71. Kd3 c1Q 0-1

[Event "Montreal Mercredi 10"]
[Site "Montreal"]
[Date "2016.10.19"]
[Round "2"]
[White "Jacquet, Stephane"]
[Black "Boudreau, Daniel"]
[Result "1/2-1/2"]
[WhiteElo "2119"]
[BlackElo "2171"]
[PlyCount "107"]
[EventDate "2016.10.12"]
[EventType "swiss"]
[EventRounds "5"]
[EventCountry "CAN"]
[SourceTitle "EXT 2022"]
[Source "ChessBase"]
[SourceDate "2021.10.06"]
[SourceVersion "1"]
[SourceVersionDate "2021.10.06"]
[SourceQuality "1"]

1. d4 Nf6 2. c4 e6 3. Nf3 d5 4. Nc3 c6 5. cxd5 exd5 6. Qc2 g6 7. Bg5 Be7 8. Bh6 Bf5 9. Qd2 Nbd7 10. Bg7 Rg8 11. Bxf6 Nxf6 12. e3 Bb4 13. Bd3 Ne4 14. Bxe4 dxe4 15. Ne5 Be6 16. a3 Bxc3 17. Qxc3 Qd5 18. Rc1 f6 19. Nc4 Qxc4 20. Qxc4 Bxc4 21. Rxc4 Ke7 22. h4 h5 23. Kd2 Rad8 24. Rhc1 Rd5 25. Rb4 Rd7 26. a4 Rc8 27. a5 Rcc7 28. Rbc4 Kd6 29. Kc3 Rg7 30. a6 b6 31. b4 g5 32. hxg5 fxg5 33. Kd2 Rgf7 34. Ke2 Rf5 35. f3 exf3+ 36. gxf3 g4 37. fxg4 hxg4 38. d5 Rxd5 39. Rxg4 c5 40. Rg6+ Kd7 41. Rg7+ Kd6 42. Rg6+ Ke5 43. bxc5 Rdxc5 44. Rg5+ Kf6 45. Rgxc5 bxc5 46. Kd3 Ke5 47. Kc4 Rc6 48. Ra1 Kd6 49. Ra5 Rb6 50. Rxc5 Rxa6 51. Rh5 Ra4+ 52. Kc3 Ra3+ 53. Kd4 Ra4+ 54. Kc3 1/2-1/2

[Event "Montreal Mercredi 08"]
[Site "Montreal"]
[Date "2016.09.28"]
[Round "5"]
[White "Sheldon, Keesal"]
[Black "Boudreau, Daniel"]
[Result "0-1"]
[WhiteElo "2004"]
[BlackElo "2111"]
[PlyCount "68"]
[EventDate "2016.08.31"]
[EventType "swiss"]
[EventRounds "5"]
[EventCountry "CAN"]
[SourceTitle "EXT 2022"]
[Source "ChessBase"]
[SourceDate "2021.10.06"]
[SourceVersion "1"]
[SourceVersionDate "2021.10.06"]
[SourceQuality "1"]

1. e4 c5 2. Nf3 e6 3. d4 cxd4 4. Nxd4 Nc6 5. Nb5 d6 6. c4 a6 7. N5a3 Nf6 8. Nc3 Be7 9. Bg5 Qa5 10. Bxf6 Bxf6 11. Qd2 Bxc3 12. Qxc3 Qxc3+ 13. bxc3 Ke7 14. Be2 Bd7 15. Rb1 Na5 16. Nc2 Rac8 17. Ne3 Rc5 18. 0-0 Bc6 19. Bd3 g6 20. f3 f5 21. exf5 gxf5 22. f4 Rg8 23. Rfe1 Kf6 24. Kf2 h5 25. h4 b5 26. cxb5 axb5 27. g3 Rxc3 28. Bxb5 Be4 29. Rbc1 Ra3 30. Re2 d5 31. Rd2 d4 32. Nc4 Ra8 33. Rxd4 Rxa2+ 34. Rd2 Nb3 0-1

[Event "Montreal Mercredi 05"]
[Site "Montreal"]
[Date "2016.05.18"]
[Round "2"]
[White "Boudreau, Daniel"]
[Black "Lopez Linares, Lizandro Fernando"]
[Result "1-0"]
[WhiteElo "2130"]
[BlackElo "2214"]
[PlyCount "95"]
[EventDate "2016.05.11"]
[EventType "swiss"]
[EventRounds "5"]
[EventCountry "CAN"]
[SourceTitle "EXT 2022"]
[Source "ChessBase"]
[SourceDate "2021.10.06"]
[SourceVersion "1"]
[SourceVersionDate "2021.10.06"]
[SourceQuality "1"]

1. e4 e6 2. d4 d5 3. Nd2 Nf6 4. Bd3 c5 5. c3 Nc6 6. Ngf3 cxd4 7. cxd4 dxe4 8. Nxe4 Be7 9. 0-0 0-0 10. Nc3 b6 11. a3 Bb7 12. Re1 Rc8 13. Bc2 h6 14. Qd3 Qc7 15. Ne4 Rfd8 16. Nxf6+ Bxf6 17. Qh7+ Kf8 18. d5 Rxd5 19. Bb3 Rh5 20. Bd2 a5 21. Rac1 Rc5 22. Bc3 e5 23. Rcd1 Rxc3 24. bxc3 Ne7 25. Re3 Qc5 26. a4 Bc6 27. Bc2 Bxf3 28. Rxf3 Ng8 29. Qe4 Rc7 30. Rfd3 g6 31. h4 h5 32. g3 Ne7 33. Rb1 Rc6 34. Rb5 Qa3 35. Bb3 Qa1+ 36. Kg2 Kg7 37. Qf3 Qc1 38. c4 Qa1 39. Qe3 Qb1 40. Rd7 Nf5 41. Qf3 e4 42. Qd1 Qb2 43. Bc2 Qa2 44. Qd5 Be7 45. Qxc6 Qxc2 46. Rxf5 gxf5 47. Rxe7 Qb3 48. Qd5 1-0

[Event "Montreal Mercredi 03"]
[Site "Montreal"]
[Date "2016.04.06"]
[Round "2"]
[White "Lopez Linares, Lizandro Fernando"]
[Black "Boudreau, Daniel"]
[Result "1/2-1/2"]
[WhiteElo "2214"]
[BlackElo "2109"]
[PlyCount "110"]
[EventDate "2016.03.30"]
[EventType "swiss"]
[EventRounds "5"]
[EventCountry "CAN"]
[SourceTitle "EXT 2022"]
[Source "ChessBase"]
[SourceDate "2021.10.06"]
[SourceVersion "1"]
[SourceVersionDate "2021.10.06"]
[SourceQuality "1"]

1. d4 Nf6 2. Nf3 e6 3. Bg5 c5 4. e3 Nc6 5. Nbd2 d5 6. c3 h6 7. Bh4 Qb6 8. Qc2 Bd6 9. Bd3 Bd7 10. 0-0 Rc8 11. a3 a5 12. Bg3 Bxg3 13. hxg3 0-0 14. Rfe1 Rfe8 15. Rac1 Ng4 16. Qb1 c4 17. Be2 f5 18. b3 cxb3 19. Nxb3 Qc7 20. c4 dxc4 21. Bxc4 Kh7 22. Nc5 Rb8 23. Nxd7 Qxd7 24. Bb5 Qd6 25. Rc5 Red8 26. Bxc6 bxc6 27. Qc2 Rb5 28. Rxc6 Qxa3 29. Qc4 Qb3 30. Nd2 Qb2 31. Rd1 Re8 32. Qd3 Rd5 33. Rb1 Qa2 34. f3 Nf6 35. e4 Rdd8 36. Nf1 Rxd4 37. Qxd4 Qxb1 38. Rc7 e5 39. Qa7 Rg8 40. exf5 Nh5 41. f6 Nxf6 42. Qxa5 Rb8 43. Qxe5 Qb6+ 44. Kh2 Re8 45. Qf5+ Kh8 46. Rc8 Rxc8 47. Qxc8+ Kh7 48. Qc2+ Kh8 49. Nd2 Qe6 50. Nc4 Qc6 51. Qe2 Qd5 52. Ne5 Kg8 53. Qb2 Nd7 54. Ng4 Qh5+ 55. Kg1 Qc5+ 1/2-1/2

[Event "Montreal Mercredi 03"]
[Site "Montreal"]
[Date "2016.03.30"]
[Round "1"]
[White "Boudreau, Daniel"]
[Black "Lebeau, Gilbert"]
[Result "1-0"]
[WhiteElo "2109"]
[BlackElo "2061"]
[PlyCount "77"]
[EventDate "2016.03.30"]
[EventType "swiss"]
[EventRounds "5"]
[EventCountry "CAN"]
[SourceTitle "EXT 2022"]
[Source "ChessBase"]
[SourceDate "2021.10.06"]
[SourceVersion "1"]
[SourceVersionDate "2021.10.06"]
[SourceQuality "1"]

1. e4 e6 2. d4 d5 3. e5 c5 4. c3 Nc6 5. Nf3 Qb6 6. Be2 Bd7 7. 0-0 Nh6 8. dxc5 Bxc5 9. b4 Be7 10. Bf4 0-0 11. Nbd2 f6 12. exf6 Bxf6 13. Bxh6 gxh6 14. Rc1 Rac8 15. Nb3 Ne5 16. Nc5 Nxf3+ 17. Bxf3 Bb5 18. Re1 Rxc5 19. bxc5 Qxc5 20. Rxe6 Bc4 21. Qc2 Qa5 22. Rd6 Qc7 23. Bxd5+ Kg7 24. Rxf6 Rxf6 25. Bxc4 Qxc4 26. Rd1 Rf7 27. Qd2 Rc7 28. Rb1 b5 29. g3 a6 30. Rb3 Rc6 31. Kg2 Qe4+ 32. Kg1 Rc4 33. Qe3 Qd5 34. Rb1 Qc6 35. Qe7+ Kg6 36. Re1 Qf3 37. Re6+ Kh5 38. Qe8+ Kg5 39. Re5+ 1-0